000 00458nam a2200181Ia 4500
001 13548
005 20260306164809.0
008 260306t2009||||xx |||||||||||||| ||spa||
041 _aESP
082 _a004.6
_bS718
100 _aSauter, Martin
_eAUT
245 0 _aBeyond 3G:
_bbringing networks, terminals and the web together
260 _c2009
300 _axi, 354 páginas :
_c25 cm.
650 _aGEN
654 _aCCC
942 _cLIB
_dJUS
_fJUS
_2ddc
_n
999 _c13548
_d13548